00482nam a2200157Ia 4500100002000000650001500020942000700035366000700042245005100049260003300100082001300133300000800146546001200154999001700166952014100183 aBarbara/Daniel  aDatamining cBK f20 aApplication of Datamining in computer security bSpringer Internationalc2002 a5.8bBAR a252 aENGLISH c27864d27864 001040708CRCaCRCEbCRCEd2023-03-17eAne Books Indiag236.00i5 dt 29/04/2009l0o5.8 BARp19668r2023-03-17v295.00w0000-00-00yBK